000 01171nam0a22002531 4500
001 rc\270331
005 20030307115844.7
035 _a(NLR Aleph) 005480810
090 _a5121300
_c5121300
100 _a20030307d1990 u |0rusy50 ca
101 0 _arus
102 _aRU
105 _aa |||||||||
200 1 _aЭпизоотология, диагностика и профилактика туберкулеза и бруцеллеза животных
_eСб. науч. тр.
_fВАСХНИЛ. Сиб. отд-ние. Ин-т эксперим. ветеринарии Сибири и Дальнего Востока
_g[Редкол.: С.И. Джупина (отв. ред.) и др.]
210 _aНовосибирск
_cСО ВАСХНИЛ
_d1990
215 _a135, [1] с.
_cил.
_d20
320 _aБиблиогр. в конце ст.
702 1 _aДжупина
_bС. И.
_gСимон Иванович
_4340
712 0 2 _aИнститут эксперим. Сибири и Дальнего Востока
_cНовосибирск
_3RU\NLR\AUTH\886269
801 0 _aRU
_bNLR
_gpsbo
801 1 _aRU
_bELAR
_2rusmarc
852 _aNLR
_j90-3/9961
942 _cBOOK
980 _aNB